| 000 | 00656nam a2200241Ia 4500 | ||
|---|---|---|---|
| 003 | OSt | ||
| 005 | 20221006144817.0 | ||
| 006 | a|||||r|||| 00| 0 | ||
| 007 | ta | ||
| 008 | 221006b |||||||| |||| 00| 0 eng d | ||
| 024 | _a12,792 | ||
| 037 | _cTextual | ||
| 040 |
_aEASL _cEASL _beng |
||
| 041 |
_2eng _aeng |
||
| 082 | _aV41,1wN06, K3 | ||
| 100 |
_aMCALEAVY Henry _9652935 |
||
| 245 | 0 |
_aDrem of tartary _b Origins and misfortunes of Henry Pu Yi |
|
| 260 |
_aLondon _bGeoreg Allen & Unwin _c1963 |
||
| 300 |
_a292p. _ccm. |
||
| 490 | _v CEL | ||
| 942 |
_hV41,1wN06, K3 _cTEXL _2CC |
||
| 999 |
_c1080878 _d1080878 |
||